[Event "GER-chT U14 Girls"]
[Site "Duesseldorf"]
[Date "2016.12.27"]
[Round "2.4"]
[White "Elier, Basmalah"]
[Black "Reinbold, Sorah Marie"]
[Result "0-1"]
[WhiteElo "756"]
[BlackElo "1001"]
[PlyCount "40"]
[EventDate "2016.12.27"]
[EventType "team-swiss"]
[EventRounds "7"]
[EventCountry "GER"]
[SourceTitle "EXT 2018"]
[Source "ChessBase"]
[SourceDate "2017.10.13"]
[SourceVersion "1"]
[SourceVersionDate "2017.10.13"]
[SourceQuality "1"]
[WhiteTeam "Brackel"]
[BlackTeam "Endingen"]
[WhiteTeamCountry "GER"]
[BlackTeamCountry "GER"]

1. e4 e5 2. Nf3 Nc6 3. Nc3 Nf6 4. Bc4 Bc5 5. 0-0 d6 6. d3 h6 7. Re1 0-0 8. h3 a6 9. Na4 b5 10. Nxc5 dxc5 11. Bd5 Nxd5 12. exd5 Qxd5 13. Be3 Bb7 14. Nh4 Nb4 15. Nf5 Qe6 16. g4 Rad8 17. Bxc5 Rfe8 18. Bxb4 Qc6 19. Ne7+ Rxe7 20. Bxe7 Qg2# 0-1